000 00291nam a22001337a 4500
008 170824b xxu||||| |||| 00| 0 eng d
020 _a9780070466173
041 _aeng
080 _24TH
_a51
100 _a38
101 _aMAT
245 _aSTRENGTH OF MATERIALS
_cNASH,W
942 _2udc
_cBK
999 _c24960
_d24960